Plan regional metropolitano: gran área metropolitana
Describe le proceso que respalda las proposiciones y los lineamientos básicos que permitirán la realización y programación del sector público y privado dentro del complejo metropolitano situado en el Valle Central de Costa Rica - Se refiere a los estudios que se han realizado con respecto a los que...
Đã lưu trong:
| Tác giả của công ty: | |
|---|---|
| Định dạng: | Texto |
| Được phát hành: |
San José:
INVU
|
| Các nhãn: |
Thêm thẻ
Không có thẻ, Là người đầu tiên thẻ bản ghi này!
|
MARC
| LEADER | 00000 a a2200000 04500 | ||
|---|---|---|---|
| 001 | 20767 | ||
| 003 | |||
| 040 | |||
| 090 | |a 088500 | ||
| 110 | |a Instituto Nacional de Vivienda y Urbanismo. Oficina de planeamiento del área metropolitana | ||
| 245 | |a Plan regional metropolitano: gran área metropolitana | ||
| 260 | |a San José: |b INVU | ||
| 300 | |a 554 p. | ||
| 500 | |a Son 5 volumenes | ||
| 520 | |a Describe le proceso que respalda las proposiciones y los lineamientos básicos que permitirán la realización y programación del sector público y privado dentro del complejo metropolitano situado en el Valle Central de Costa Rica - Se refiere a los estudios que se han realizado con respecto a los que se ha denominado la Gran Area Metropolitana. Destaca los propósitos y alcances del Plan Regional Metropolitano para la planificación y desarrollo de dicha área. Describe las características geográficas y socioeconómicas del área y los proyectos propuestos en relación con ella. Analiza la situación, proyectos y problemas de la Gran Area Metropolitana en cuanto a los sectores industrial, vivienda, salud y recreación, medio ambiente, energía, comunicaciones y comercio | ||
| 999 | |c 12868 |d 12868 | ||
